000
00296nam a22001337a 4500
008
180918b xxu||||| |||| 00| 0 eng d
020
_a
9781890504557
041
_a
eng
080
_a
616.8
100
_a
6
101
_a
KAN
245
_a
Head And Neck Cancer
_c
Clarke.L.K
942
_2
udc
_c
BK
999
_c
47936
_d
47936